000 00516nam a2200193Ia 4500
005 20250508162221.0
008 008 250505s9999 xx 000 0 eng d
037 _aTextual
040 _aFEDL
_beng
_cFEDL
041 _aeng
_2eng
084 _a347.7, KUC
_qFEDL
100 _aKuchhal M. C.
245 0 _aModern Indian company law
260 _aDelhi, India
_bShree Mahavir Book Depot
_c1982
300 _axxiii,407p
650 _aLaw
942 _cTEXL
_h347.7, KUC
999 _c1375163
_d1375163